000 00360nam a2200133Ia 4500
008 151001s9999||||xx |||||||||||||| ||und||
100 _aचंद्रकांत काकोडकर
245 _aमॉडेल गल
250 _a2
260 _bभारतीय पॉकेट बुक्स
260 _c1968
300 _a112
365 _b7
999 _c954792
_d954789